kku e-library facility

Intellectual Property crime (Record no. 87)

MARC details
000 -LEADER
fixed length control field 00457nam a22001457a 4500
005 - DATE AND TIME OF LATEST TRANSACTION
control field 20260115112713.0
008 - FIXED-LENGTH DATA ELEMENTS--GENERAL INFORMATION
fixed length control field 251006b |||||||| |||| 00| 0 eng d
020 ## - INTERNATIONAL STANDARD BOOK NUMBER
International Standard Book Number 978-93-5269-507-2
100 ## - MAIN ENTRY--PERSONAL NAME
Personal name Sharma,Devendra Kumar
245 ## - TITLE STATEMENT
Title Intellectual Property crime
Remainder of title / Devendra Kumar Sharma
260 ## - PUBLICATION, DISTRIBUTION, ETC.
Place of publication, distribution, etc. Ansari Road Daryaganj: New Delhi (India);
Name of publisher, distributor, etc. Random Publications.
Date of publication, distribution, etc. 2020.
300 ## - PHYSICAL DESCRIPTION
Dimensions viii;264p.
Extent 24cm
942 ## - ADDED ENTRY ELEMENTS (KOHA)
Source of classification or shelving scheme Library of Congress Classification
Koha item type Books
Suppress in OPAC No
949 ## - LOCAL PROCESSING INFORMATION (OCLC)
Book Location e.g (KKU Library Services) kku Library Services

No items available.

©2025 All rights reserved. KKU